[Event "30.Schlosspark-Open"]
[Site "Wiesbaden-Biebrich"]
[Date "2018.08.26"]
[Round "6.55"]
[White "Brauch, Manfred"]
[Black "Boehmer, Thomas"]
[Result "1/2-1/2"]
[WhiteElo "1769"]
[BlackElo "2032"]
[PlyCount "60"]
[EventDate "2018.??.??"]
[WhiteTeam "SG Pieroth"]
[BlackTeam "Wiesbadener SV"]

1. d4 Nf6 2. Nf3 b6 3. e3 Bb7 4. Be2 e6 5. O-O Be7 6. Nbd2 O-O 7. c3 c5 8. b3
d5 9. Bb2 Nbd7 10. a4 cxd4 11. cxd4 Rc8 12. Rc1 Bd6 13. Rxc8 Qxc8 14. Qb1 Qb8
15. Rc1 Ne4 16. Nf1 Rc8 17. Rxc8+ Qxc8 18. Bd3 h6 19. Ng3 Nxg3 20. hxg3 Nf6 21.
Ne5 Ba6 22. Qf1 Bxd3 23. Qxd3 Ne4 24. Nf3 Bb4 25. Qe2 Qc7 26. Qd1 Kf8 27. Ne5
Bd6 28. Nd3 Qc6 29. Ne5 Qc7 30. Nd3 Kg8 1/2-1/2

[Event "30.Schlosspark-Open"]
[Site "Wiesbaden-Biebrich"]
[Date "2018.08.26"]
[Round "6.56"]
[White "Rabiya, Karim"]
[Black "Hoffmann, Jens"]
[Result "0-1"]
[WhiteElo "1750"]
[BlackElo "2012"]
[PlyCount "78"]
[EventDate "2018.??.??"]
[WhiteTeam "SK Niederbrechen"]
[BlackTeam "SF HN-Biberach"]

1. e4 c5 2. Nf3 d6 3. d4 cxd4 4. Nxd4 Nf6 5. Nc3 a6 6. Be2 e5 7. Nb3 Be7 8. f4
exf4 9. Bxf4 Nc6 10. Qd2 O-O 11. O-O-O Ne5 12. h3 b5 13. Qe3 Qc7 14. Qg3 b4 15.
Nd5 Nxd5 16. Rxd5 Bf6 17. Rhd1 Bb7 18. Rxd6 Bxe4 19. R1d2 Bxc2 20. Rxf6 Bg6+
21. Kd1 gxf6 22. h4 Kh8 23. h5 Bb1 24. Rd5 Rad8 25. Rxd8 Rxd8+ 26. Ke1 Bxa2 27.
h6 Rg8 28. Qh4 Qe7 29. Nd4 Nd3+ 30. Kd2 Nxf4 31. Qxf4 Rxg2 32. Qf3 Rg5 33. Bd3
Rg1 34. Qa8+ Rg8 35. Qf3 Re8 36. Ne2 Qe5 37. Ke1 Bd5 38. Qg4 Rg8 39. Qh3 Be6
0-1

[Event "30.Schlosspark-Open"]
[Site "Wiesbaden-Biebrich"]
[Date "2018.08.26"]
[Round "6.57"]
[White "Oezdemir, Ali Oezden"]
[Black "Meding, Olaf"]
[Result "1-0"]
[WhiteElo "1982"]
[BlackElo "1779"]
[PlyCount "96"]
[EventDate "2018.??.??"]
[WhiteTeam "SK Langen"]
[BlackTeam "SF Mainz"]

1. e4 e6 2. d3 d5 3. Qe2 Be7 4. Nf3 Nf6 5. g3 c5 6. Bg2 Nc6 7. e5 Nd7 8. O-O b5
9. h4 Bb7 10. Re1 Qb6 11. Bf4 h6 12. Nbd2 a5 13. a4 b4 14. c4 Nd4 15. Nxd4 cxd4
16. h5 Nc5 17. cxd5 exd5 18. Nf3 Ne6 19. Bd2 O-O 20. Nh2 Rfe8 21. Qg4 Kh8 22.
Qf5 Kg8 23. Ng4 Bg5 24. f4 Be7 25. Nf2 Qd8 26. Qg4 Qb6 27. Nh3 Kh8 28. f5 Ng5
29. Nxg5 Bxg5 30. Bxg5 hxg5 31. Qxg5 Qh6 32. Qxh6+ gxh6 33. Rac1 Rac8 34. Rxc8
Bxc8 35. Bxd5 Bxf5 36. Bxf7 Re7 37. Bc4 Kg7 38. Kh2 Bg4 39. Re4 Bxh5 40. e6 Be8
41. b3 Bg6 42. Rxd4 Bf5 43. Rd6 Kf6 44. d4 Rc7 45. Ra6 Rxc4 46. bxc4 b3 47. Rb6
b2 48. Rxb2 Kxe6 1-0

[Event "30.Schlosspark-Open"]
[Site "Wiesbaden-Biebrich"]
[Date "2018.08.26"]
[Round "6.58"]
[White "Haasner, Tom"]
[Black "Cichon, Joerg"]
[Result "1-0"]
[WhiteElo "1950"]
[BlackElo "1776"]
[PlyCount "37"]
[EventDate "2018.??.??"]
[WhiteTeam "TSV Rottendorf"]
[BlackTeam "SF Mainz"]

1. d4 Nf6 2. Bf4 d6 3. Nc3 g6 4. e4 Bg7 5. Qd2 Nbd7 6. Nf3 O-O 7. Bh6 Ng4 8.
Bxg7 Kxg7 9. h3 Ngf6 10. e5 dxe5 11. dxe5 Ng8 12. O-O-O e6 13. g4 Nh6 14. Ne4
Qe7 15. Be2 b6 16. Nf6 Nxe5 17. g5 Bb7 18. gxh6+ Kh8 19. Qf4 1-0

[Event "30.Schlosspark-Open"]
[Site "Wiesbaden-Biebrich"]
[Date "2018.08.26"]
[Round "6.59"]
[White "Schmitt, Clemens"]
[Black "Guertler, Karl-Heinz"]
[Result "1-0"]
[WhiteElo "1711"]
[BlackElo "1908"]
[PlyCount "141"]
[EventDate "2018.??.??"]
[WhiteTeam "SV Bergwinkel"]
[BlackTeam "SC Ober-Ramstadt"]

1. c4 d6 2. g3 e5 3. Bg2 f5 4. Nc3 Nf6 5. e3 c6 6. Nge2 Be7 7. O-O Be6 8. d3
O-O 9. b3 Na6 10. Bb2 Qe8 11. Qd2 Bf7 12. f4 Bg6 13. Rad1 Nc7 14. Rfe1 Ng4 15.
h3 Nh6 16. Rc1 Rd8 17. Na4 Bf6 18. Qa5 Na6 19. b4 e4 20. dxe4 fxe4 21. Bxf6
gxf6 22. g4 Qe7 23. f5 Bf7 24. b5 Nc5 25. Nxc5 dxc5 26. bxc6 bxc6 27. Nf4 Kh8
28. Qa4 Rd6 29. Qc2 Re8 30. Rcd1 Rxd1 31. Rxd1 Ng8 32. Qc3 h6 33. Qd2 Kg7 34.
Qd7 Bxc4 35. a3 Bd3 36. Ne6+ Kf7 37. Qxe7+ Nxe7 38. Nxc5 h5 39. Nxd3 exd3 40.
Rxd3 hxg4 41. hxg4 Rg8 42. Rd4 c5 43. Ra4 Ke8 44. Kf2 Nc8 45. Bf3 Rg7 46. Ra6
Nb6 47. a4 Rc7 48. a5 Nd7 49. Bc6 c4 50. Ke2 Ke7 51. Bxd7 Rxd7 52. Rc6 Rd5 53.
a6 Ra5 54. Kd2 Ra4 55. Re6+ Kf7 56. Kc3 Ra3+ 57. Kxc4 Ra4+ 58. Kd5 Rxg4 59. Kd6
Rg5 60. Re7+ Kf8 61. Ke6 Rxf5 62. Rxa7 Rc5 63. Ra8+ Kg7 64. a7 Re5+ 65. Kd6
Rxe3 66. Rb8 Rd3+ 67. Kc5 Ra3 68. a8=Q Rxa8 69. Rxa8 Kg6 70. Kd4 Kf5 71. Ke3
1-0

[Event "30.Schlosspark-Open"]
[Site "Wiesbaden-Biebrich"]
[Date "2018.08.26"]
[Round "6.60"]
[White "Buehler, Severin"]
[Black "Senatov, Boris"]
[Result "1-0"]
[WhiteElo "1892"]
[BlackElo "1733"]
[PlyCount "115"]
[EventDate "2018.??.??"]
[WhiteTeam "Heilbronner SV"]
[BlackTeam "SC Heusenstamm"]

1. e4 c5 2. Nf3 d6 3. d4 cxd4 4. Nxd4 Nf6 5. Nc3 a6 6. Be3 e5 7. Nb3 Be7 8. f3
Be6 9. Qd2 Nbd7 10. O-O-O b5 11. g4 Nb6 12. Na5 Rc8 13. g5 Nh5 14. Kb1 O-O 15.
Rg1 Qc7 16. Qf2 Na4 17. Nxa4 Qxa5 18. Nc3 Rxc3 19. bxc3 Qa3 20. Rd5 Bxd5 21.
exd5 Qxc3 22. Qd2 Qxd2 23. Bxd2 Rc8 24. Be3 f5 25. gxf6 Nxf6 26. Bh3 Rc3 27.
Bh6 Bf8 28. Rg3 Kh8 29. Bd2 Rc5 30. Bb4 Rxd5 31. Bc8 Rd4 32. c3 Rd1+ 33. Kc2
Ra1 34. Kb2 Re1 35. Bxa6 Nd5 36. Bxb5 Nxb4 37. cxb4 d5 38. Rg4 d4 39. a3 Re3
40. Re4 Rxf3 41. Rxe5 h6 42. Re8 Kh7 43. Rd8 g5 44. Bc6 Rf6 45. Be4+ Kg8 46. h3
Kf7 47. Kb3 Ke6 48. Rxd4 Ke5 49. Rc4 Rf4 50. Bb7 Rxc4 51. Kxc4 Kd6 52. Kb5 Kc7
53. Bf3 Bg7 54. a4 Bd4 55. a5 Kb8 56. Ka6 Be3 57. b5 Bd4 58. b6 1-0

[Event "30.Schlosspark-Open"]
[Site "Wiesbaden-Biebrich"]
[Date "2018.08.26"]
[Round "6.61"]
[White "Niedenthal, Robert"]
[Black "Ochs, Daniel Elias"]
[Result "0-1"]
[WhiteElo "1722"]
[BlackElo "1872"]
[PlyCount "58"]
[EventDate "2018.??.??"]
[WhiteTeam "SV Hofheim"]
[BlackTeam "Wiesbadener SV"]

1. c4 Nf6 2. Nc3 e6 3. e4 c5 4. g3 d5 5. cxd5 exd5 6. Qa4+ Bd7 7. Qb3 Bc6 8.
Bg2 dxe4 9. Nge2 Be7 10. O-O O-O 11. Rd1 Qc7 12. Qc2 Nbd7 13. Nxe4 Nxe4 14.
Bxe4 Bxe4 15. Qxe4 Nf6 16. Qc4 a6 17. a4 b5 18. Qc2 Rac8 19. axb5 axb5 20. b3
Qe5 21. Nc3 b4 22. d4 cxd4 23. Bf4 Qc5 24. Qe2 dxc3 25. Be3 Qc6 26. Ra6 Qe4 27.
f3 Qe5 28. Kf2 Bc5 29. Bxc5 Qxe2+ 0-1

[Event "30.Schlosspark-Open"]
[Site "Wiesbaden-Biebrich"]
[Date "2018.08.26"]
[Round "6.62"]
[White "Held, Maurice"]
[Black "Bratmann, Marc"]
[Result "1-0"]
[WhiteElo "1802"]
[BlackElo "1758"]
[PlyCount "69"]
[EventDate "2018.??.??"]
[WhiteTeam "SC Ladja RoÃŸdorf"]
[BlackTeam "TuS Dotzheim"]

1. c4 c6 2. g3 d5 3. Nf3 Nf6 4. b3 Bf5 5. Bb2 e6 6. Bg2 Bd6 7. d3 Nbd7 8. Nbd2
O-O 9. O-O Qc7 10. a3 Rfe8 11. b4 b6 12. Rc1 dxc4 13. Nxc4 e5 14. Nh4 Be6 15.
Nxd6 Qxd6 16. Rxc6 Qe7 17. Qc2 Bd5 18. Nf5 Qf8 19. Bxd5 Nxd5 20. e4 Ne7 21.
Nxe7+ Qxe7 22. Rc7 Qe6 23. Rc1 Red8 24. d4 exd4 25. Bxd4 Ne5 26. Bxe5 Qxe5 27.
Qc6 h6 28. Qb7 Qb2 29. R1c2 Qxa3 30. Rxf7 Qa1+ 31. Kg2 Kh8 32. Rc6 Qe5 33.
Rxh6+ gxh6 34. Rh7+ Kg8 35. Qf7# 1-0

[Event "30.Schlosspark-Open"]
[Site "Wiesbaden-Biebrich"]
[Date "2018.08.26"]
[Round "6.63"]
[White "Wachsmann, Elmar"]
[Black "Modric, Vladimir"]
[Result "0-1"]
[WhiteElo "1654"]
[BlackElo "1867"]
[PlyCount "90"]
[EventDate "2018.??.??"]
[WhiteTeam "SC GroÃŸ-Umstadt"]
[BlackTeam "SC Nied"]

1. d4 Nf6 2. c4 g6 3. Nc3 Bg7 4. Nf3 d6 5. e4 O-O 6. Be2 Nbd7 7. O-O e5 8. d5
Nh5 9. Ne1 Nf4 10. Nd3 Nxd3 11. Qxd3 f5 12. exf5 gxf5 13. f4 e4 14. Qc2 Rf6 15.
Be3 Rh6 16. g3 b6 17. Nb5 a5 18. Bd4 Nc5 19. b3 Bxd4+ 20. Nxd4 Qf6 21. Qd2 Bd7
22. a3 a4 23. b4 Nb3 24. Nxb3 axb3 25. Rfb1 Rg6 26. Qb2 Qh4 27. Qxb3 Qxf4 28.
Rf1 Qd2 29. Ra2 Qh6 30. Kh1 Rf8 31. Rf4 Rf7 32. Qe3 Rfg7 33. Kg2 Qg5 34. a4 h5
35. a5 h4 36. Ra3 hxg3 37. hxg3 Rh7 38. Bf1 Rh4 39. Rxh4 Qxh4 40. Kf2 Qh2+ 41.
Ke1 Qb2 42. Qc3 Qb1+ 43. Kf2 f4 44. gxf4 Rg4 45. Be2 Qg1# 0-1

[Event "30.Schlosspark-Open"]
[Site "Wiesbaden-Biebrich"]
[Date "2018.08.26"]
[Round "6.64"]
[White "Kuebart, Thore"]
[Black "Schwenk, Stefan"]
[Result "1-0"]
[WhiteElo "1863"]
[BlackElo "1729"]
[PlyCount "139"]
[EventDate "2018.??.??"]
[WhiteTeam "SK Radolfzell"]
[BlackTeam "SK Geisenheim"]

1. e4 c5 2. Nf3 e6 3. d4 cxd4 4. Nxd4 Nc6 5. c3 a6 6. Bd3 Nf6 7. O-O Be7 8.
Nxc6 dxc6 9. e5 Nd7 10. Qg4 Nxe5 11. Qe2 Qxd3 12. Qxe5 Bf6 13. Qc5 Be7 14. Qe5
O-O 15. Nd2 Bf6 16. Qh5 g6 17. Qh6 Bg7 18. Qh4 e5 19. Ne4 f5 20. Nc5 Qd6 21.
Qc4+ Kh8 22. Bg5 b6 23. Nb3 Be6 24. Qh4 Qc7 25. Rfd1 Qf7 26. Rd3 Bf6 27. Rad1
Qe7 28. Bxf6+ Rxf6 29. Qa4 b5 30. Qh4 Bd5 31. Nc5 Rf7 32. Qb4 a5 33. Qa3 e4 34.
Rd4 Ra7 35. c4 b4 36. Qa4 Qxc5 37. cxd5 Rfd7 38. d6 Ra8 39. Qb3 Qe5 40. Qc4 Qb5
41. Qe6 Rad8 42. b3 Kg7 43. h3 h5 44. h4 Kh7 45. Rc4 Kg7 46. g3 Kh6 47. Kg2 Qb6
48. Rcd4 Qb5 49. R1d2 Qb6 50. Qe5 Kh7 51. f3 exf3+ 52. Kxf3 c5 53. Rd5 Qc6 54.
Kf2 c4 55. bxc4 Qxc4 56. Re2 Qc6 57. Qd4 Qc3 58. Qf4 Qf6 59. Red2 Kg7 60. Kg2
Kf7 61. Qc4 Kg7 62. Qa6 Qe6 63. Qxa5 Rxd6 64. Qc7+ R8d7 65. Qxd6 Rxd6 66. Rxd6
Qe4+ 67. Kh2 Qb1 68. Rb6 Qc1 69. Rd7+ Kh6 70. Rbb7 1-0

[Event "30.Schlosspark-Open"]
[Site "Wiesbaden-Biebrich"]
[Date "2018.08.26"]
[Round "6.65"]
[White "Bursch, Alexander"]
[Black "Launert, Martin"]
[Result "1-0"]
[WhiteElo "1627"]
[BlackElo "1859"]
[PlyCount "71"]
[EventDate "2018.??.??"]
[WhiteTeam "SV Hennef"]
[BlackTeam "Sfr. Erbach"]

1. b3 d5 2. e3 Nf6 3. Bb2 Nbd7 4. Nf3 e6 5. c4 c6 6. Nc3 Be7 7. Be2 O-O 8. O-O
Re8 9. Qc2 Bf8 10. e4 dxc4 11. Bxc4 Nb6 12. e5 Nxc4 13. bxc4 Ng4 14. h3 Nh6 15.
Ne4 Nf5 16. g4 Nh4 17. Nfg5 Ng6 18. f4 Be7 19. c5 Rf8 20. h4 h6 21. h5 hxg5 22.
hxg6 fxg6 23. fxg5 Bxg5 24. Rxf8+ Kxf8 25. Rf1+ Kg8 26. Nd6 Kh7 27. Rf7 b6 28.
d4 bxc5 29. dxc5 Be3+ 30. Kg2 Qh4 31. Qe2 Bh6 32. Bd4 a5 33. Qf3 Rb8 34. Bf2
Qg5 35. Ne4 Qxe5 36. Nf6+ 1-0

[Event "30.Schlosspark-Open"]
[Site "Wiesbaden-Biebrich"]
[Date "2018.08.26"]
[Round "6.66"]
[White "Brechlin, Olaf"]
[Black "Haftmann, Rainer"]
[Result "1-0"]
[WhiteElo "1849"]
[BlackElo "1686"]
[PlyCount "79"]
[EventDate "2018.??.??"]
[WhiteTeam "FVS ASP Hoyerswerda"]
[BlackTeam "SG Dietzenbach"]

1. Nc3 d5 2. e4 dxe4 3. Nxe4 Nf6 4. f3 Nxe4 5. fxe4 e6 6. Nf3 Nc6 7. d4 Be7 8.
c3 O-O 9. Bd3 Re8 10. O-O e5 11. d5 Nb8 12. Be3 Bf6 13. Qc2 Bg4 14. c4 b6 15.
b4 a5 16. a3 Nd7 17. c5 axb4 18. axb4 Rxa1 19. Rxa1 Bxf3 20. gxf3 Bg5 21. Qd2
Bxe3+ 22. Qxe3 Qh4 23. Bb5 Rd8 24. Bxd7 Rxd7 25. cxb6 cxb6 26. Qxb6 Rd8 27. b5
h6 28. Qe3 Rd6 29. Ra8+ Kh7 30. Ra2 f5 31. Rg2 f4 32. Qf2 Qd8 33. Qa7 Rd7 34.
Qa6 Rc7 35. Qg6+ Kh8 36. h3 Qd7 37. b6 Rc8 38. Kh2 Rf8 39. Qc6 Qf7 40. b7 1-0

[Event "30.Schlosspark-Open"]
[Site "Wiesbaden-Biebrich"]
[Date "2018.08.26"]
[Round "6.68"]
[White "Werner, Tom"]
[Black "Froehlich-Dill, Astrid"]
[Result "1/2-1/2"]
[WhiteElo "1627"]
[BlackElo "1824"]
[PlyCount "87"]
[EventDate "2018.??.??"]
[WhiteTeam "VSG Offenbach"]
[BlackTeam "SV Hofheim"]

1. c4 Nf6 2. Nc3 e6 3. g3 c5 4. Bg2 Nc6 5. a3 Be7 6. e3 O-O 7. Nge2 Ne5 8. d3
Rb8 9. Rb1 d5 10. cxd5 exd5 11. d4 cxd4 12. exd4 Nc6 13. Bf4 Ra8 14. O-O Be6
15. Rc1 Qd7 16. Re1 h6 17. Na4 g5 18. Be3 b6 19. Nac3 Na5 20. h4 Ng4 21. hxg5
Nxe3 22. fxe3 hxg5 23. e4 dxe4 24. Bxe4 Rad8 25. d5 Bc5+ 26. Nd4 Bg4 27. Qd3
Nb3 28. Ncb5 Nxc1 29. Rxc1 a6 30. Nc3 Kg7 31. b4 Bd6 32. Rf1 Rh8 33. Nf5+ Kg8
34. Qd4 f6 35. Qxf6 Rh5 36. Nh6+ Rxh6 37. Qxh6 Qg7 38. Rf6 Qxh6 39. Rxh6 Kf7
40. Rg6 Be5 41. Rxg5 Bd4+ 42. Kg2 Bd7 43. Ne2 Bb2 44. Bd3 1/2-1/2

[Event "30.Schlosspark-Open"]
[Site "Wiesbaden-Biebrich"]
[Date "2018.08.26"]
[Round "6.69"]
[White "Weiland, Thomas"]
[Black "Masoudi, Kian"]
[Result "1-0"]
[WhiteElo "1804"]
[BlackElo "1588"]
[PlyCount "35"]
[EventDate "2018.??.??"]
[WhiteTeam "SV Oberursel"]
[BlackTeam "SC Bergen-Enkheim"]

1. d4 d5 2. Nf3 Nf6 3. e3 e6 4. c4 Bb4+ 5. Bd2 Be7 6. Nc3 c5 7. cxd5 cxd4 8.
Bb5+ Bd7 9. Nxd4 Bxb5 10. Ndxb5 Nxd5 11. Nxd5 exd5 12. Bc3 O-O 13. Qg4 f6 14.
Qe6+ Kh8 15. Rd1 a6 16. Rxd5 Qe8 17. Nc7 Qc6 18. Qxe7 1-0

[Event "30.Schlosspark-Open"]
[Site "Wiesbaden-Biebrich"]
[Date "2018.08.26"]
[Round "6.70"]
[White "Meyer, Marcel"]
[Black "Stollreiter, Marc"]
[Result "1-0"]
[WhiteElo "1799"]
[BlackElo "1183"]
[PlyCount "42"]
[EventDate "2018.??.??"]
[WhiteTeam "SC Herborn"]
[BlackTeam "KÃ¶lner SK Dr. Lasker"]

1. d4 f5 2. e4 fxe4 3. Nc3 Nf6 4. Bg5 g6 5. Bc4 c6 6. d5 d6 7. Qd4 Bf5 8. Bxf6
exf6 9. Nxe4 Qe7 10. f3 c5 11. Qxf6 Qxf6 12. Nxf6+ Ke7 13. Ne4 a6 14. a4 Bg7
15. c3 a5 16. Ne2 Na6 17. O-O Nc7 18. N2g3 Bd7 19. Rfe1 Be5 20. Nxc5 b6 21. Nd3
Kf6 1-0

[Event "30.Schlosspark-Open"]
[Site "Wiesbaden-Biebrich"]
[Date "2018.08.26"]
[Round "6.71"]
[White "Lehmann, Wolfgang"]
[Black "Michalski, Uwe"]
[Result "0-1"]
[WhiteElo "1615"]
[BlackElo "1860"]
[PlyCount "102"]
[EventDate "2018.??.??"]
[WhiteTeam "Wiesbadener SV"]
[BlackTeam "SF Mainz"]

1. d4 g6 2. Nf3 Bg7 3. e4 d6 4. Nc3 b6 5. g3 Bb7 6. Bg2 e6 7. O-O Ne7 8. Re1
O-O 9. a3 Nd7 10. Be3 e5 11. dxe5 Nxe5 12. Nxe5 Bxe5 13. Bd4 c5 14. Bxe5 dxe5
15. Qxd8 Raxd8 16. Rad1 Nc6 17. Nd5 b5 18. c3 c4 19. h4 Na5 20. Kf1 Nb3 21. Bf3
Nc5 22. Be2 Nxe4 23. Bf3 Bxd5 24. Bxe4 Bxe4 25. Rxd8 Rxd8 26. Rxe4 f6 27. Re2
Kf7 28. Kg2 Rd5 29. f3 h5 30. Kf2 f5 31. Rc2 Kf6 32. Ke2 g5 33. hxg5+ Kxg5 34.
Rc1 e4 35. fxe4 fxe4 36. Rf1 Rd3 37. Rf4 Rxg3 38. Rxe4 Rg2+ 39. Kf3 Rxb2 40.
Re5+ Kg6 41. Re6+ Kf5 42. Rh6 Kg5 43. Rh7 Rb3 44. Rxa7 Rxc3+ 45. Kg2 Rb3 46. a4
bxa4 47. Rxa4 c3 48. Rc4 Rb2+ 49. Kg1 c2 50. Rc5+ Kf4 51. Rc4+ Ke5 0-1

[Event "30.Schlosspark-Open"]
[Site "Wiesbaden-Biebrich"]
[Date "2018.08.26"]
[Round "6.72"]
[White "Seidel, Martin"]
[Black "Polat, Marcel"]
[Result "1-0"]
[WhiteElo "1860"]
[BlackElo "1643"]
[PlyCount "85"]
[EventDate "2018.??.??"]
[WhiteTeam "SV Hennef"]
[BlackTeam "Vorw.Orient Mainz"]

1. d4 e6 2. Bf4 d5 3. e3 Nf6 4. Nf3 Bd6 5. Ne5 O-O 6. Bd3 Bxe5 7. dxe5 Ne8 8.
Qh5 g6 9. Qe2 c5 10. c4 Nc6 11. Nd2 Nb4 12. Bb1 b6 13. a3 Nc6 14. Bh6 Ng7 15.
Nf3 Qc7 16. Bf4 dxc4 17. Qxc4 Na5 18. Qc3 Qc6 19. Nd2 Bb7 20. Be4 Qd7 21. Bxb7
Qxb7 22. f3 Qd5 23. Ne4 Qc4 24. Rc1 Qxc3+ 25. Rxc3 Nb7 26. g4 Kh8 27. Bh6 Rfd8
28. h4 Rd5 29. f4 Rad8 30. Ke2 b5 31. h5 c4 32. hxg6 fxg6 33. Bxg7+ Kxg7 34.
Ng5 h6 35. Nxe6+ Kh7 36. Nxd8 Rxd8 37. Rd1 Rxd1 38. Kxd1 Nc5 39. Ke2 Kg7 40.
Kf3 Kf7 41. f5 a5 42. Rc2 Nd3 43. Ke4 1-0

[Event "30.Schlosspark-Open"]
[Site "Wiesbaden-Biebrich"]
[Date "2018.08.26"]
[Round "6.73"]
[White "Werner, Rosalie"]
[Black "Muenstermann, Matthias"]
[Result "0-1"]
[WhiteElo "1536"]
[BlackElo "1839"]
[PlyCount "80"]
[EventDate "2018.??.??"]
[WhiteTeam "VSG Offenbach"]
[BlackTeam "SK Langen"]

1. e4 c5 2. Nf3 d6 3. d4 cxd4 4. Nxd4 Nf6 5. Nc3 g6 6. f4 Bg7 7. e5 dxe5 8.
fxe5 Nfd7 9. e6 Ne5 10. Bb5+ Kf8 11. Rf1 f5 12. g4 Nxg4 13. Qxg4 Qxd4 14. Qe2
Qe5 15. Bc4 Qxe2+ 16. Kxe2 Nc6 17. Be3 Nd4+ 18. Bxd4 Bxd4 19. Rad1 Bxc3 20.
bxc3 Kg7 21. Rd3 Kf6 22. Re3 b6 23. Bd5 Ba6+ 24. Kf2 Bxf1 25. Bxa8 Rxa8 26.
Kxf1 Rc8 27. Ke2 Rc6 28. Kd3 Rxe6 29. Rxe6+ Kxe6 30. Kc4 f4 31. Kb5 f3 32. Ka6
f2 33. Kxa7 f1=Q 34. Kxb6 Qc4 35. a3 Kd6 36. h3 Qc5+ 37. Kb7 Qc6+ 38. Kb8 Qb6+
39. Ka8 Kc6 40. a4 Qb7# 0-1

[Event "30.Schlosspark-Open"]
[Site "Wiesbaden-Biebrich"]
[Date "2018.08.26"]
[Round "6.74"]
[White "Baumeister, Lutz"]
[Black "John, Volkmar"]
[Result "0-1"]
[WhiteElo "1593"]
[BlackElo "1742"]
[PlyCount "74"]
[EventDate "2018.??.??"]
[WhiteTeam "Wiesbadener SV"]
[BlackTeam "SC Herborn"]

1. d4 d5 2. Nf3 Nf6 3. e3 e6 4. Bd3 Be7 5. O-O O-O 6. Nbd2 b6 7. b3 c5 8. c3
Bb7 9. Bb2 Nc6 10. h3 Rc8 11. Rc1 Bd6 12. Ba3 e5 13. dxe5 Nxe5 14. Nxe5 Bxe5
15. Nf3 Bb8 16. c4 dxc4 17. Bxc4 Qc7 18. Re1 Rcd8 19. Qe2 Bxf3 20. Qxf3 Qh2+
21. Kf1 Rd2 22. g4 Rxa2 23. Ra1 Rxa1 24. Rxa1 h6 25. Bb2 Nd7 26. Ke2 a5 27. Rd1
Qc7 28. Qf5 Ne5 29. Bd5 Nc6 30. Bc4 Ne7 31. Qf3 Nc6 32. Bb5 Na7 33. Bc4 b5 34.
Bd5 Nc8 35. g5 hxg5 36. Qg4 Qe7 37. f4 Bxf4 0-1

[Event "30.Schlosspark-Open"]
[Site "Wiesbaden-Biebrich"]
[Date "2018.08.26"]
[Round "6.75"]
[White "Meaubert, Thomas"]
[Black "Schneider, Luca"]
[Result "1-0"]
[WhiteElo "1758"]
[BlackElo "1480"]
[PlyCount "37"]
[EventDate "2018.??.??"]
[WhiteTeam "SC FlÃ¶rsheim"]
[BlackTeam "FC Bierstadt"]

1. c4 Nf6 2. Nc3 e6 3. Nf3 d5 4. e3 Bd6 5. b3 O-O 6. Bb2 c6 7. Qc2 e5 8. cxd5
cxd5 9. Nb5 e4 10. Nxd6 Qxd6 11. Nd4 a6 12. Rc1 Nbd7 13. Be2 Ne5 14. Qc7 Ne8
15. Qxd6 Nxd6 16. Rg1 Bd7 17. Ba3 Nf5 18. Nxf5 Bxf5 19. Bxf8 1-0

[Event "30.Schlosspark-Open"]
[Site "Wiesbaden-Biebrich"]
[Date "2018.08.26"]
[Round "6.76"]
[White "Sefeloge, Michael"]
[Black "Herrmann, Gerhard"]
[Result "1-0"]
[WhiteElo "1763"]
[BlackElo "1575"]
[PlyCount "85"]
[EventDate "2018.??.??"]
[WhiteTeam "SV Lahnstein"]
[BlackTeam "SC KÃ¶nigsspringer Alzenau"]

1. d4 Nf6 2. c4 e6 3. Nc3 b6 4. Nf3 Bb7 5. e3 d5 6. cxd5 exd5 7. Be2 Bd6 8. O-O
O-O 9. b3 Nbd7 10. Bb2 Re8 11. Rc1 a6 12. Qc2 h6 13. a4 Ne4 14. Na2 a5 15. Ne5
c5 16. Nxd7 Qxd7 17. Bb5 Bc6 18. Bxc6 Qxc6 19. Rfd1 Rad8 20. Qd3 Qd7 21. f3 Ng5
22. dxc5 Bxc5 23. Bd4 Qe7 24. Re1 Ne6 25. Qc3 Nxd4 26. exd4 Bxd4+ 27. Qxd4
Qxe1+ 28. Rxe1 Rxe1+ 29. Kf2 Rde8 30. Nc3 R1e6 31. Qxd5 Re5 32. Qd4 R8e6 33.
Ne4 f5 34. Nc3 Kf7 35. Qc4 Rc5 36. Qd4 Rec6 37. Qd7+ Kg6 38. Nd5 Kg5 39. Qxg7+
Rg6 40. h4+ Kh5 41. Nf4+ Kxh4 42. Qxg6 Rc2+ 43. Ne2 1-0

[Event "30.Schlosspark-Open"]
[Site "Wiesbaden-Biebrich"]
[Date "2018.08.26"]
[Round "6.77"]
[White "Donecker, Stefan"]
[Black "Goodwin, David"]
[Result "1/2-1/2"]
[WhiteElo "1754"]
[BlackElo "1539"]
[PlyCount "36"]
[EventDate "2018.??.??"]
[WhiteTeam "TuS Dotzheim"]
[BlackTeam "SV Kelsterbach"]

1. d4 Nf6 2. Nc3 g6 3. Bg5 Bg7 4. Qd2 d6 5. Bh6 O-O 6. Bxg7 Kxg7 7. O-O-O a6 8.
h4 h5 9. f3 b5 10. e4 Bb7 11. Nh3 b4 12. Nb1 a5 13. Qg5 Nh7 14. Qe3 Qe8 15. Bc4
Ba6 16. Be2 Qa4 17. Bxa6 Nxa6 18. Qb3 Qxb3 1/2-1/2

[Event "30.Schlosspark-Open"]
[Site "Wiesbaden-Biebrich"]
[Date "2018.08.26"]
[Round "6.78"]
[White "Ziegler, Joerg"]
[Black "Kuenne, Lutz"]
[Result "1-0"]
[WhiteElo "1744"]
[BlackElo "1549"]
[PlyCount "141"]
[EventDate "2018.??.??"]
[WhiteTeam "BKA Wiesbaden"]
[BlackTeam "KC Jena"]

1. c4 c6 2. Nc3 d5 3. cxd5 cxd5 4. d4 Nf6 5. Nf3 Nc6 6. Bf4 a6 7. e3 e6 8. a3
Bd6 9. Bxd6 Qxd6 10. Bd3 O-O 11. O-O Bd7 12. Re1 Rac8 13. Nd2 Ne7 14. Nb3 Qb6
15. Rc1 Nc6 16. Na4 Qd8 17. Nbc5 Rb8 18. Nc3 Qa5 19. e4 Nxd4 20. Nxd7 Nxd7 21.
exd5 Qb6 22. dxe6 Nxe6 23. Nd5 Qd8 24. Bf5 Re8 25. Bxe6 fxe6 26. Nc7 Re7 27.
Nxe6 Qb6 28. Qd5 Rf7 29. Rc2 Nf6 30. Qc4 Kh8 31. Ng5 Rff8 32. Nf7+ Kg8 33. Nh6+
Kh8 34. Nf5 Qd8 35. Rce2 Qd5 36. Qxd5 Nxd5 37. Nd6 Nf6 38. Re7 Kg8 39. Rxb7
Rxb7 40. Nxb7 Rb8 41. Nc5 Rxb2 42. Nxa6 Ra2 43. f3 Rxa3 44. Nc5 Ra7 45. Kf2 Kf7
46. Re2 h6 47. Ne4 Ne8 48. Kg3 Rd7 49. Rd2 Ra7 50. h4 Ra6 51. h5 Ra7 52. Kf4
Ra6 53. Rd7+ Kf8 54. g4 Rb6 55. g5 hxg5+ 56. Kxg5 Re6 57. Rd5 Kg8 58. Ra5 Kf7
59. Kf4 Kg8 60. Re5 Rxe5 61. Kxe5 Kh7 62. Ng3 Kh6 63. f4 Nf6 64. Nf5+ Kxh5 65.
Nxg7+ Kg4 66. f5 Ng8 67. Ke6 Kg5 68. Ne8 Kh6 69. Nf6 Kg7 70. Nxg8 Kxg8 71. Ke7
1-0

[Event "30.Schlosspark-Open"]
[Site "Wiesbaden-Biebrich"]
[Date "2018.08.26"]
[Round "6.79"]
[White "Stork, Christopher"]
[Black "Gerber, Ingo"]
[Result "1-0"]
[WhiteElo "1720"]
[BlackElo "1516"]
[PlyCount "93"]
[EventDate "2018.??.??"]
[WhiteTeam "SV Oberursel"]
[BlackTeam "SF Mainz"]

1. e4 e5 2. Nf3 Nf6 3. Nxe5 Qe7 4. Nf3 Nxe4 5. Be2 d5 6. O-O Nc6 7. Nc3 Be6 8.
Re1 Nxc3 9. dxc3 O-O-O 10. Be3 Kb8 11. Bb5 Qd6 12. b4 b6 13. Qd2 Nxb4 14. cxb4
Qxb4 15. Nd4 Bd7 16. Qxb4 Bxb4 17. Bxd7 Bxe1 18. Nc6+ Kb7 19. Nxd8+ Rxd8 20.
Bf5 Bc3 21. Rd1 g6 22. Bg4 c6 23. Kf1 f5 24. Bf3 d4 25. Bd2 Bxd2 26. Rxd2 Kc7
27. Re2 Rd7 28. g4 d3 29. cxd3 Rxd3 30. Kg2 fxg4 31. Bxg4 Rd4 32. h3 h5 33. Bf3
Rd6 34. Re7+ Rd7 35. Rxd7+ Kxd7 36. Be4 g5 37. Kf3 Kd6 38. Bg6 g4+ 39. hxg4
hxg4+ 40. Kxg4 a5 41. Kf4 b5 42. Ke4 c5 43. Bf7 Ke7 44. Bb3 Kd6 45. Bc2 Ke6 46.
f4 Kd6 47. Kf5 1-0

[Event "30.Schlosspark-Open"]
[Site "Wiesbaden-Biebrich"]
[Date "2018.08.26"]
[Round "6.80"]
[White "Rosen, Thomas"]
[Black "Ringeltaube, Denny"]
[Result "0-1"]
[WhiteElo "1235"]
[BlackElo "1718"]
[PlyCount "66"]
[EventDate "2018.??.??"]
[WhiteTeam "SV Lahn Limburg"]
[BlackTeam "Klub KÃ¶lner SF"]

1. d4 Nf6 2. Nf3 c5 3. Bf4 cxd4 4. Nxd4 Nc6 5. Nxc6 bxc6 6. e3 g6 7. Nd2 Bg7 8.
Be2 O-O 9. O-O Nd5 10. c3 Nxf4 11. exf4 e6 12. Nc4 d5 13. Ne5 Qc7 14. Qa4 Bxe5
15. fxe5 Bd7 16. f4 Qb6+ 17. Kh1 Qxb2 18. Rfe1 Qxc3 19. Rac1 Qe3 20. Ba6 Qb6
21. Rb1 Qd8 22. Rb7 Bc8 23. Rb3 Bxa6 24. Qxa6 c5 25. Reb1 c4 26. Rb7 c3 27. Qc6
Rc8 28. Qa4 Rc7 29. Rxc7 Qxc7 30. Qc2 Rb8 31. Rb3 Rxb3 32. axb3 Qc5 33. g3 Qe3
0-1